000 00600nam a22002417a 4500
001 326
003 FISKH
005 20230321161229.0
008 230321b cb ||||| |||| 00| 0 eng d
020 _a9780141351872
040 _aFISKH
_beng
_cFISKH
_dFISKH
050 _aPZ7
082 _a823.92
100 _aBehrent, Sue
245 _aCosmic countdown
_bMusic island missions
_cT Shrewman
260 _aLondon
_bPuffin
_c2013
300 _a151 p.
_c20 cm.
490 _aMusic island missions
_vv. 4
505 _aK
521 8 _a600
_bLexile
521 8 _aK
_bRaz-Plus
942 _2ddc
_cBK
_n0
999 _c326
_d326